000 00789nam a22002537a 4500
005 20170124110243.0
010 _aA-0493893
020 _c00.00
_a8171770193
035 _aA-0493893
037 _bCen Lib/Ret
040 _aDPL
_bEN
082 _a347.09
_bROY
100 _aRoy Chowdhury, Salil K.
_996277
245 _aArbitration law /
_bby Salil K. Roy Chowdhury [and] H.K. Saharay
250 _a3rd ed
260 _aNew Delhi
_bEastern Law House
_c1991
270 _bNew Delhi
_a36, Netaji Subhash MArg, Daryaganj
_e110002
300 _a954p.
_c23cm(Hb)
500 _aincludes index
650 _aArbitration and award -- India
_996278
650 _aArbitration and award.
_939570
700 _a Saharay, H.K.
_91615
942 _2ddc
_cEN
_h347.09
_mROY
999 _c135332
_d135332